01013nam a2200277Ia 450000500170000000800410001702000180005810000340007624500960011025000220020630000490022853400200027765000490029765000490034665000350039565000410043070000420047170000180051370000400053126400300057133600270060133700330062833800280066104000350068908400110072420220317001452.0161108s2013 s a g 000 j s  a97884926086691 aInnocenti, Robertod1975-201313aLa niña de rojochistoria e ilustraciones de Roberto Innocenti ; escrito por Aaron Frisch aPrimera edición a[30] páginasbilustraciones a colorc31 cm tThe girl in red142LEMBaCuentos infantiles italianosySiglo XX142LEMBaLiteratura infantil italianaySiglo XX142LEMBaNiños en la literatura142LEMBaLibros ilustrados para niños1 aInnocenti, Robertod1940-eilustrador1 aFrisch, Aaron1 aHeras Martínez, Carlosetraductor aSevillabKalandrakac2013 atextobtxt2rdacontent asin mediaciónbn2rdamedia avolumenbnc2rdacarrier aCO-BoRNBPbspaerdacCO-BoRNBP aC INN1